|
|
|
|
| LEADER |
00000cam a2200000 a 4500 |
| 001 |
vtls009179470 |
| 003 |
SK-MaSNL |
| 005 |
20260301081440.0 |
| 008 |
240313s2007 xo j 000 f slo |
| 015 |
|
|
|a SNBA2008/03-01057
|
| 020 |
|
|
|a 9788089191673
|q (viaz.)
|
| 035 |
|
|
|a A7381CC4-F031-4853-9D25-A4D2614A4345
|
| 035 |
|
|
|a urn:nbn:sk:snk-aml8e7
|
| 035 |
|
|
|a urn:nbn:sk:snk-am008sc5
|
| 040 |
|
|
|a SNK
|b slo
|c SNK
|e AACR2
|
| 041 |
1 |
|
|a slo
|h ger
|
| 044 |
|
|
|a xo
|c SK
|
| 072 |
|
7 |
|a 821-93
|x Literatúra pre deti a mládež
|2 konspekt
|
| 072 |
|
7 |
|a 821.112.2-3
|x Nemecká próza, nemecky písaná
|2 konspekt
|
| 080 |
|
|
|a 821.112.2-31
|2 2001
|
| 080 |
|
|
|a 821-93
|2 2001
|
| 100 |
1 |
|
|a Lessmann, C. B.
|4 aut
|9 68347
|
| 240 |
1 |
0 |
|a Eine für alle, jede fürsich
|l Slovensky
|
| 245 |
1 |
0 |
|a Kamošky 6
|p Roztržka
|c C. B. Lessmann ; [z nemeckého originálu preložila Dagmar H. Mehešová]
|
| 246 |
3 |
0 |
|a Roztržka
|
| 250 |
|
|
|a [1. vyd.]
|
| 260 |
|
|
|a Ružomberok
|b Epos
|c 2007
|
| 300 |
|
|
|a 157 s.
|c 21 cm
|
| 490 |
1 |
|
|a Beletria
|v 163
|
| 655 |
|
7 |
|a nemecké romány
|2 SNKPH
|9 70433
|
| 655 |
|
7 |
|a publikácie pre mládež
|2 SNKPH
|9 70434
|
| 700 |
1 |
|
|a Mehešová, Dagmar,
|d 1949-
|4 trl
|9 99105
|
| 830 |
|
0 |
|a Beletria
|9 294194
|
| 919 |
|
|
|a 978-80-89191-67-3
|
| 958 |
|
|
|a LX
|
| 958 |
|
|
|a DB
|
| 958 |
|
|
|a UP
|
| 968 |
|
|
|b DT
|d 821
|
| 999 |
|
|
|c 655921
|d 657851
|
| 952 |
|
|
|a SNK
|b SNK
|y PREZ
|7 0
|p 17A0580846
|o snkSC 111857/6
|i snk2008/4922
|8 0
|0 0
|1 0
|4 0
|d 2008-02-27
|f 1
|l 0
|r 2025-10-01 00:00:00
|w 2026-02-23
|
| 952 |
|
|
|a SNK
|b SNK
|y VYP
|7 0
|p 17A0580845
|o snkSC 111857/6 D1
|i snk2008/4923
|8 0
|0 0
|1 0
|4 0
|d 2008-02-27
|l 0
|r 2026-02-23 18:36:28
|w 2026-02-23
|